000 00296nam a2200145Ia 4500
100 _aAbbey M
942 _cBK
654 _acomputer
245 _aOracle 8 : Beginners guide
260 _bTata Mc Graw hill
_c1997
082 _a4.65
_bABB
300 _a765
546 _aENGLISH
999 _c18573
_d18573